The 90/10 rule : improving educational outcomes for our military and veterans : hearing before the Committee on Homeland Security and Governmental Affairs, United States Senate, One Hundred Thirteenth Congress, first session, July 23, 2013.

Bibliographic Details
Corporate Author: United States. Congress. Senate. Committee on Homeland Security and Governmental Affairs (Author)
Format: Government Document eBook
Language:English
Published: Washington : U.S. Government Printing Office, 2014.
Series:S. hrg. ; 113-206
Subjects:
Online Access:https://purl.fdlp.gov/GPO/gpo47074
http://purl.fdlp.gov/GPO/gpo47074

MARC

Tag First Indicator Second Indicator Subfields
LEADER 00000cam a2200000 i 4500
001 in00003441209
005 20210312124805.0
006 m o d f
007 cr |||||||||||
008 140326s2014 dcua ob f000 0 eng c
035 |a (OCoLC)ocn874838638 
042 |a pcc 
043 |a n-us--- 
040 |a GPO  |b eng  |e rda  |e pn  |c GPO  |d COO  |d GPO  |d OCLCO  |d GPO  |d MvI 
049 |a WWW 
050 1 4 |a KF26  |b .H63 2013k 
074 |a 1037-D (online) 
086 0 |a Y 4.G 74/9:S.HRG.113-206 
110 1 |a United States.  |b Congress.  |b Senate.  |b Committee on Homeland Security and Governmental Affairs,  |e author. 
245 1 4 |a The 90/10 rule :  |b improving educational outcomes for our military and veterans : hearing before the Committee on Homeland Security and Governmental Affairs, United States Senate, One Hundred Thirteenth Congress, first session, July 23, 2013. 
246 3 |a Ninety ten rule : improving educational outcomes for our military and veterans 
246 3 0 |a Improving educational outcomes for our military and veterans 
264 1 |a Washington :  |b U.S. Government Printing Office,  |c 2014. 
300 |a 1 online resource (iii, 160 pages) :  |b illustrations. 
336 |a text  |b txt  |2 rdacontent 
337 |a computer  |b c  |2 rdamedia 
338 |a online resource  |b cr  |2 rdacarrier 
490 1 |a S. hrg. ;  |v 113-206 
500 |a Title from title screen (viewed on March 26, 2014). 
500 |a Paper version available for sale by the Superintendent of Documents, United States Government Printing Office. 
504 |a Includes bibliographical references. 
650 0 |a Veterans  |x Education (Higher)  |z United States. 
650 0 |a Veterans  |x Education  |x Law and legislation  |z United States. 
650 0 |a Federal aid to higher education  |z United States. 
650 0 |a For-profit universities and colleges  |x Corrupt practices  |z United States. 
650 0 |a For-profit universities and colleges  |x Corrupt practices  |z United States  |x Prevention. 
650 0 |a Student loans  |x Corrupt practices  |z United States  |x Prevention. 
610 1 0 |a United States.  |b Department of Veterans Affairs  |x Rules and practice. 
655 7 |a Legislative hearings.  |2 lcgft 
776 0 8 |i Print version:  |a United States. Congress. Senate. Committee on Homeland Security and Governmental Affairs.  |t 90/10 rule  |w (OCoLC)879486157 
776 0 8 |i Microfiche version:  |a United States. Congress. Senate. Committee on Homeland Security and Governmental Affairs.  |t 90/10 rule  |w (OCoLC)886975562 
810 1 |a United States.  |b Congress.  |b Senate.  |t S. hrg. ;  |v 113-206. 
856 4 0 |u https://purl.fdlp.gov/GPO/gpo47074  |t 0 
856 4 0 |u http://purl.fdlp.gov/GPO/gpo47074  |t 0 
999 f f |s 52897d2b-b3ce-3461-9f38-fd783011b8b9  |i ec5cd97b-559a-3740-8de4-35dc4d8b172f  |t 0 
952 f f |a Texas A&M University  |b College Station  |c Electronic Resources  |d Available Online  |t 0  |e Y 4.G 74/9:S.HRG.113-206  |h Superintendent of Documents classification 
998 f f |a Y 4.G 74/9:S.HRG.113-206  |t 0  |l Available Online